Adhi rat dophair / (Record no. 525379)
[ view plain ]
| 000 -LEADER | |
|---|---|
| fixed length control field | 00383nam a22001577a 4500 |
| 003 - CONTROL NUMBER IDENTIFIER | |
| control field | NUST |
| 038 ## - RECORD CONTENT LICENSOR | |
| Staff Name | Arshad |
| 082 ## - DEWEY DECIMAL CLASSIFICATION NUMBER | |
| Classification number | 891.4913 |
| Author Mark | BAB |
| 100 ## - MAIN ENTRY--PERSONAL NAME | |
| Personal name | Babu Javed |
| 9 (RLIN) | 16235 |
| 245 ## - TITLE STATEMENT | |
| Title | Adhi rat dophair / |
| Statement of responsibility, etc. | Babu Javed |
| 300 ## - PHYSICAL DESCRIPTION | |
| Extent | 80 p. ; |
| 500 ## - GENERAL NOTE | |
| General note | Papercover. |
| 880 ## - ALTERNATE GRAPHIC REPRESENTATION | |
| Linkage | 100-01\r |
| Title | بابو جاوید |
| 880 ## - ALTERNATE GRAPHIC REPRESENTATION | |
| Linkage | 245-02\r |
| Title | ادھی رات دپہر / |
| 942 ## - ADDED ENTRY ELEMENTS (KOHA) | |
| Source of classification or shelving scheme | |
| Koha item type | Book |
| Withdrawn status | Lost status | Source of classification or shelving scheme | Damaged status | Not for loan | Permanent Location | Current Location | Shelving location | Date acquired | Total Checkouts | Full call number | Barcode | Date last seen | Price effective from | Koha item type |
|---|---|---|---|---|---|---|---|---|---|---|---|---|---|---|
| Central Library (CL) | Central Library (CL) | Punjabi Literature | 07/02/2019 | 891.4913 BAB | CL-E-41 | 07/02/2019 | 07/02/2019 | Book |
